000 00633nam a2200205 4500
003 OSt
005 20240619023245.0
006 a
008 240619b |||||||| |||| 00| 0 eng d
020 _a9710871544
040 _aDWCL-Main lib.
_cOC
082 _aFil. 513.3 C114s 2012
110 _aJonathan Cabero...[et al]
245 _aSolved problems in solid mensuration /
260 _aMandaluyong City, Phils. :
_bNational Book Store,
_cc2012.
300 _avii,
_b171 p. ;
_c25 cm.
650 _a1. Mensuration–Problems, questions, etc.
650 _a2. Geometry–Problems, questions, etc.
942 _2ddc
_n0
_cBK - FIL
_kFil.
999 _c870
_d870